[Event "70th ch-RUS HL 2017"]
[Site "Sochi RUS"]
[Date "2017.07.02"]
[Round "1.21"]
[White "Yandemirov, Valeri"]
[Black "Antipov, Mikhail Al."]
[Result "1/2-1/2"]
[WhiteTitle "GM"]
[BlackTitle "GM"]
[WhiteElo "2385"]
[BlackElo "2580"]
[WhiteFideId "4102622"]
[BlackFideId "4107012"]
[EventDate "2017.07.02"]

1. e4 c5 2. Nf3 e6 3. c4 Nc6 4. Nc3 e5 5. Be2 d6 6. d3 f5 7. exf5 Bxf5 8. O-O
Be7 9. Ne1 Nf6 10. Nc2 Nd4 11. Bg5 O-O 12. Nxd4 cxd4 13. Bxf6 Bxf6 14. Nd5 Be6
15. Bf3 Bg5 16. Be4 g6 17. a4 a5 18. b4 b6 19. Rb1 Ra7 20. bxa5 bxa5 21. Qb3 Kg7
22. Qb6 Qd7 23. Qb5 Qd8 24. Qb6 Qd7 25. Qb5 Qd8 1/2-1/2

[Event "70th ch-RUS HL 2017"]
[Site "Sochi RUS"]
[Date "2017.07.02"]
[Round "1.22"]
[White "Bocharov, Dmitry"]
[Black "Samojlov, Anton"]
[Result "1-0"]
[WhiteTitle "GM"]
[BlackTitle "FM"]
[WhiteElo "2576"]
[BlackElo "2329"]
[WhiteFideId "4138716"]
[BlackFideId "4151909"]
[EventDate "2017.07.02"]

1. d4 Nf6 2. Nf3 e6 3. c4 b6 4. g3 Bb7 5. Bg2 Bb4+ 6. Bd2 a5 7. O-O O-O 8. Bf4
Be7 9. Nc3 Ne4 10. Nb5 c6 11. Nc3 Nxc3 12. bxc3 d5 13. Nd2 Nd7 14. Rb1 a4 15.
cxd5 cxd5 16. c4 g5 17. Be3 f5 18. cxd5 f4 19. Bxf4 gxf4 20. d6 Bxg2 21. dxe7
Qxe7 22. Kxg2 Qa3 23. Nc4 Qxa2 24. Qd3 Rfc8 25. Rfc1 b5 26. Rxb5 Rab8 27. Nd6
Rf8 28. Rc2 Qa1 29. Rc7 Rxb5 30. Nxb5 Nf6 31. Ra7 Qa2 32. Qf3 Kh8 33. Nc3 Qc2
34. Rxa4 Nd5 35. Ra3 Nb4 36. Ra8 Qf5 37. Rxf8+ Qxf8 38. Qxf4 1-0

[Event "70th ch-RUS HL 2017"]
[Site "Sochi RUS"]
[Date "2017.07.02"]
[Round "1.23"]
[White "Ulyanin, Sergei"]
[Black "Potkin, Vladimir"]
[Result "1/2-1/2"]
[WhiteTitle "FM"]
[BlackTitle "GM"]
[WhiteElo "2328"]
[BlackElo "2576"]
[WhiteFideId "24105805"]
[BlackFideId "4131061"]
[EventDate "2017.07.02"]

1. e4 c5 2. Nf3 e6 3. d4 cxd4 4. Nxd4 Nc6 5. Nc3 Qc7 6. g3 a6 7. Bg2 d6 8. O-O
Be7 9. Re1 Bd7 10. Nxc6 Bxc6 11. Qg4 h5 12. Qe2 h4 13. a4 hxg3 14. hxg3 Rc8 15.
a5 Nf6 16. Be3 e5 17. Red1 g6 18. Bb6 Qd7 19. b3 Kf8 20. Nd5 Bxd5 21. exd5 Bd8
22. Bxd8 Qxd8 23. c4 Kg7 24. b4 Re8 25. Rac1 e4 26. Qe3 Re5 27. Qd4 Qh8 28. Re1
Qh6 29. Rc3 Rh8 30. Kf1 Qg5 31. Kg1 Rh5 32. Rce3 Qh6 33. Rxe4 Nxe4 34. f4 Ng5
35. fxe5 Nh3+ 36. Bxh3 Rxh3 37. exd6+ Kh7 38. Qf4 Rh1+ 39. Kf2 Qh2+ 40. Kf3 Rxe1
41. Qxf7+ Kh6 42. Qf8+ 1/2-1/2

[Event "70th ch-RUS HL 2017"]
[Site "Sochi RUS"]
[Date "2017.07.02"]
[Round "1.24"]
[White "Rozum, Ivan"]
[Black "Bykov, Egor"]
[Result "1-0"]
[WhiteTitle "GM"]
[BlackTitle "FM"]
[WhiteElo "2573"]
[BlackElo "2324"]
[WhiteFideId "24104272"]
[BlackFideId "34115290"]
[EventDate "2017.07.02"]

1. c4 e6 2. Nf3 Nf6 3. g3 d5 4. b3 d4 5. e3 c5 6. exd4 cxd4 7. Bg2 Nc6 8. O-O
Bd6 9. d3 O-O 10. Bg5 h6 11. Bxf6 Qxf6 12. a3 a5 13. Ne1 e5 14. Nd2 Qg6 15. Nc2
Bg4 16. Bf3 Bd7 17. Rb1 Nd8 18. b4 axb4 19. axb4 Ra2 20. Be4 Qg4 21. Qxg4 Bxg4
22. Rfc1 Be7 23. Ra1 Rb2 24. Rab1 Ra2 25. Kf1 Nc6 26. c5 Be6 27. Nf3 Bg5 28.
Nxg5 hxg5 29. b5 Na5 30. Nb4 Ra4 31. Ra1 Rxa1 32. Rxa1 Nb3 33. Ra7 Nxc5 34. Bxb7
e4 35. b6 Nd7 36. Bxe4 Nxb6 37. Nc6 Bh3+ 38. Ke1 Re8 39. Kd2 Nc4+ 40. dxc4 Rxe4
41. Ra8+ Kh7 42. f3 Re6 43. Nxd4 Re5 44. Ra1 Kg6 45. g4 Rc5 46. Kd3 Kf6 47. Nf5
Ke5 48. Nxg7 Kf4 49. Ke2 Rxc4 50. Nh5+ Ke5 51. Ra5+ Kd6 52. Rxg5 Rc2+ 53. Ke1
Rxh2 54. Nf4 Rh1+ 55. Kf2 Bf1 56. Rh5 Rxh5 57. gxh5 1-0

[Event "70th ch-RUS HL 2017"]
[Site "Sochi RUS"]
[Date "2017.07.02"]
[Round "1.25"]
[White "Kozak, Alexander"]
[Black "Moiseenko, Vadim"]
[Result "0-1"]
[WhiteTitle "FM"]
[BlackTitle "IM"]
[WhiteElo "2303"]
[BlackElo "2548"]
[WhiteFideId "4135881"]
[BlackFideId "4123700"]
[EventDate "2017.07.02"]

1. e4 c6 2. d4 d5 3. exd5 cxd5 4. Bd3 Nc6 5. c3 Nf6 6. Bf4 g6 7. Nf3 Nh5 8. Be3
Bg7 9. O-O O-O 10. Re1 Qd6 11. Nbd2 b6 12. Rc1 Bb7 13. a3 Rad8 14. Qa4 Rfe8 15.
Ba6 Bxa6 16. Qxa6 Rd7 17. c4 Rb8 18. b4 dxc4 19. Rxc4 Rbd8 20. Ne4 Qe6 21. Qb5
Nb8 22. Neg5 a6 23. Qxa6 Qd5 24. Qxb6 Qxc4 25. g4 h6 26. Ne4 Qd5 27. Bc1 Nf6 28.
Ne5 Rb7 0-1

[Event "70th ch-RUS HL 2017"]
[Site "Sochi RUS"]
[Date "2017.07.02"]
[Round "1.26"]
[White "Tsydypov, Zhamsaran"]
[Black "Musaev, Rasul"]
[Result "1-0"]
[WhiteTitle "IM"]
[BlackTitle "FM"]
[WhiteElo "2528"]
[BlackElo "2287"]
[WhiteFideId "4108566"]
[BlackFideId "24146870"]
[EventDate "2017.07.02"]

1. e4 e6 2. Qe2 c5 3. b3 Nc6 4. Bb2 e5 5. f4 exf4 6. Nf3 d6 7. Nc3 Nf6 8. Nd5
Nxd5 9. exd5+ Ne7 10. O-O-O Qa5 11. Re1 Rg8 12. Qe4 Bd7 13. Ng5 O-O-O 14. Nxf7
Qxa2 15. Nxd8 Kxd8 16. Bb5 Bxb5 17. Qxh7 Be8 18. Re6 c4 19. Rxd6+ Kc7 20. Be5
Qa3+ 21. Kb1 Qxd6 22. Bxd6+ Kxd6 23. Re1 Bf7 24. bxc4 b5 25. Qe4 Ng6 26. Qf5 1-0

[Event "70th ch-RUS HL 2017"]
[Site "Sochi RUS"]
[Date "2017.07.02"]
[Round "1.27"]
[White "Sin, Denis"]
[Black "Levin, Evgeny A."]
[Result "0-1"]
[WhiteTitle "FM"]
[BlackTitle "GM"]
[WhiteElo "2258"]
[BlackElo "2524"]
[WhiteFideId "34126683"]
[BlackFideId "4182596"]
[EventDate "2017.07.02"]

1. d4 Nf6 2. c4 g6 3. f3 Bg7 4. e4 d6 5. Nc3 O-O 6. Be3 a6 7. Qd2 Nc6 8. Nge2
Na5 9. Nc1 Nd7 10. Nb3 Nxb3 11. axb3 e5 12. d5 f5 13. Be2 Nf6 14. exf5 gxf5 15.
O-O Nh5 16. c5 Bd7 17. b4 Qe7 18. Rfc1 Nf4 19. Bf1 Kh8 20. Ne2 Nxe2+ 21. Bxe2
Rg8 22. c6 bxc6 23. dxc6 Be6 24. f4 exf4 25. Bxf4 Bd5 26. Bf1 Qe4 27. Kh1 Rgb8
28. b5 axb5 29. Rxa8 Rxa8 30. Re1 Qd4 31. Qc1 Qxb2 32. Qd1 Bxc6 33. Qh5 Be4 34.
Qf7 c6 35. Bxd6 Qf6 36. Qb7 Re8 37. Bg3 h6 38. Rd1 Rd8 39. Re1 Qe6 40. Bh4 Rd2
41. Qb8+ Kh7 0-1

[Event "70th ch-RUS HL 2017"]
[Site "Sochi RUS"]
[Date "2017.07.03"]
[Round "2.1"]
[White "Oparin, Grigoriy"]
[Black "Najer, Evgeniy"]
[Result "0-1"]
[WhiteTitle "GM"]
[BlackTitle "GM"]
[WhiteElo "2605"]
[BlackElo "2706"]
[WhiteFideId "24125890"]
[BlackFideId "4118987"]
[EventDate "2017.07.02"]

1. e4 c5 2. Nf3 e6 3. d4 cxd4 4. Nxd4 Nc6 5. Nc3 Qc7 6. Be3 a6 7. Qf3 Nf6 8.
O-O-O Ne5 9. Qg3 b5 10. f4 Neg4 11. Bg1 h5 12. e5 b4 13. Nb1 Ne4 14. Qe1 Bb7 15.
Nd2 Nxd2 16. Rxd2 g6 17. Kb1 Be7 18. Bd3 Nh6 19. Be4 Rd8 20. Bf2 Bxe4 21. Qxe4
d5 22. exd6 Rxd6 23. Qa8+ Rd8 24. Qxa6 O-O 25. Qe2 Ng4 26. Bg3 Ra8 27. Nb3 Bf6
28. Rhd1 Qc6 29. Nc1 Rfc8 30. h3 Nh6 31. Rd6 Qa4 32. Bf2 b3 33. cxb3 Rxc1+ 34.
Kxc1 Qxa2 35. Bd4 Rc8+ 36. Kd2 Qa5+ 37. Ke3 Nf5+ 38. Kf2 Bh4+ 39. Kg1 Nxd6 40.
Bc3 Qb6+ 0-1

[Event "70th ch-RUS HL 2017"]
[Site "Sochi RUS"]
[Date "2017.07.03"]
[Round "2.2"]
[White "Artemiev, Vladislav"]
[Black "Ponkratov, Pavel"]
[Result "0-1"]
[WhiteTitle "GM"]
[BlackTitle "GM"]
[WhiteElo "2695"]
[BlackElo "2603"]
[WhiteFideId "24101605"]
[BlackFideId "4157800"]
[EventDate "2017.07.02"]

1. d4 Nf6 2. Nf3 e6 3. e3 c5 4. Bd3 d5 5. O-O Nc6 6. c3 Bd6 7. Nbd2 O-O 8. dxc5
Bxc5 9. b4 Bd6 10. Bb2 e5 11. e4 Bg4 12. Re1 Bc7 13. h3 Bh5 14. exd5 Qxd5 15.
Ne4 Nxe4 16. Bxe4 Qxd1 17. Raxd1 f6 18. Rd7 Rac8 19. b5 Na5 20. Ba3 Rfd8 21.
Bd5+ Kh8 22. Rxd8+ Rxd8 23. c4 Bd6 24. Bxd6 Rxd6 25. Nh4 Rd7 26. f4 exf4 27. Nf5
b6 28. Kf2 Bg6 29. Ne7 Bd3 30. Nf5 h5 31. Re8+ Kh7 32. Be6 Rc7 33. Ne7 Bxc4 34.
Bf5+ Kh6 35. Rh8+ Kg5 36. h4+ Kxh4 37. Nc8 Kg5 38. Be4 f5 39. Bf3 g6 40. a4 Bb3
41. Nd6 Rd7 42. Ne8 Rd8 0-1

[Event "70th ch-RUS HL 2017"]
[Site "Sochi RUS"]
[Date "2017.07.03"]
[Round "2.3"]
[White "Goganov, Aleksey"]
[Black "Zvjaginsev, Vadim"]
[Result "1/2-1/2"]
[WhiteTitle "GM"]
[BlackTitle "GM"]
[WhiteElo "2592"]
[BlackElo "2649"]
[WhiteFideId "24109959"]
[BlackFideId "4113403"]
[EventDate "2017.07.02"]

1. d4 Nf6 2. c4 e6 3. Nf3 Bb4+ 4. Nbd2 d6 5. g3 c5 6. a3 Bxd2+ 7. Qxd2 b6 8. Bg2
Bb7 9. dxc5 dxc5 10. Qxd8+ Kxd8 11. b4 Nbd7 12. O-O Ke7 13. Bb2 Rhd8 14. Rfc1
Ne8 15. Bf1 f6 16. Ne1 Nd6 17. f3 a5 18. b5 Nf5 19. Kf2 Nd4 20. Rc3 a4 21. Nd3
Ne5 22. Nxe5 fxe5 23. Rd1 e4 24. fxe4 Nxb5 25. Rcd3 Nd4 26. Bxd4 Rxd4 27. Rxd4
cxd4 28. Rxd4 Rf8+ 29. Ke1 Rc8 30. e5 Rc5 31. Rd6 Ba6 32. Rxb6 Bxc4 33. Rb7+ Kf8
34. Rb8+ Ke7 35. Rb7+ Kf8 36. Rb8+ Ke7 37. Rb7+ Kf8 38. Rb8+ Ke7 39. Rb7+ Kf8
40. Rb8+ Ke7 1/2-1/2

[Event "70th ch-RUS HL 2017"]
[Site "Sochi RUS"]
[Date "2017.07.03"]
[Round "2.4"]
[White "Dreev, Aleksey"]
[Black "Bocharov, Dmitry"]
[Result "1/2-1/2"]
[WhiteTitle "GM"]
[BlackTitle "GM"]
[WhiteElo "2647"]
[BlackElo "2576"]
[WhiteFideId "4100107"]
[BlackFideId "4138716"]
[EventDate "2017.07.02"]

1. d4 Nf6 2. Nf3 e6 3. c4 b6 4. a3 Ba6 5. Qb3 Be7 6. Bf4 O-O 7. Nc3 d5 8. e3 c6
9. h3 Nbd7 10. Rd1 Qc8 11. Ne5 Nxe5 12. Bxe5 Rd8 13. Bxf6 Bxf6 14. cxd5 Bxf1 15.
Kxf1 cxd5 16. Ke2 Qb7 17. f4 Rac8 18. Rc1 Rc4 19. Kf2 Rdc8 20. Ne2 b5 21. a4 b4
22. Qd3 b3 23. Rc3 Rxc3 24. Nxc3 Rc4 25. Rc1 g6 26. Ne2 Qc6 27. Rc3 Rxc3 28.
Nxc3 a6 29. Qd1 Qc4 30. Qe2 Qc6 31. Qd1 Qc4 32. Qe2 Qc8 33. Qd1 Qb7 34. Ne2 Qb4
35. Nc1 Qxa4 36. Qxb3 Qa1 37. Qc2 a5 38. b3 Be7 39. Ne2 Bb4 40. Qc1 Qa2 41. Qd1
Bd2 42. Kf3 Kf8 43. Nc1 Bxc1 44. Qxc1 Kg7 45. Qc7 Qxb3 46. Qxa5 Qd1+ 47. Kf2
Qc2+ 48. Kf3 h6 49. Qb4 g5 50. fxg5 hxg5 51. Qb8 Qd1+ 52. Kf2 Qd2+ 53. Kf3 Qe1
54. Qe5+ Kg6 55. Qb8 Qf1+ 56. Kg3 Qe2 57. Qg8+ Kf6 58. Qh8+ Kg6 59. Qg8+ Kf6 60.
Qh8+ Kg6 1/2-1/2

[Event "70th ch-RUS HL 2017"]
[Site "Sochi RUS"]
[Date "2017.07.03"]
[Round "2.6"]
[White "Volkov, Sergey"]
[Black "Tsydypov, Zhamsaran"]
[Result "1/2-1/2"]
[WhiteTitle "GM"]
[BlackTitle "IM"]
[WhiteElo "2627"]
[BlackElo "2528"]
[WhiteFideId "4122763"]
[BlackFideId "4108566"]
[EventDate "2017.07.02"]

1. d4 Nf6 2. c4 e6 3. Nc3 Bb4 4. e3 O-O 5. Ne2 d5 6. a3 Be7 7. Nf4 c6 8. Bd3
Nbd7 9. O-O Bd6 10. cxd5 exd5 11. Bc2 a5 12. f3 Bb8 13. e4 Nb6 14. Kh1 Nh5 15.
Nxh5 Qh4 16. f4 Bg4 17. Nf6+ gxf6 18. Qd3 dxe4 19. Nxe4 Nd5 20. Bd2 Kh8 21. Ng3
Re8 22. Rae1 Rxe1 23. Rxe1 Bxf4 24. Bxf4 Nxf4 25. Qf1 Nd5 26. Bf5 Qg5 27. Bxg4
Qxg4 28. Nf5 Qg8 29. h3 Re8 30. Nd6 Re6 31. Rxe6 fxe6 32. Nxb7 Qb8 33. Nc5 Qxb2
34. Nxe6 Qd2 35. Qb1 Kg8 36. Qb8+ Kf7 37. Nd8+ Ke7 38. Nxc6+ Kd7 39. Qd8+ Kxc6
40. Qa8+ Kd6 41. Qd8+ 1/2-1/2

[Event "70th ch-RUS HL 2017"]
[Site "Sochi RUS"]
[Date "2017.07.03"]
[Round "2.7"]
[White "Moiseenko, Vadim"]
[Black "Kobalia, Mikhail"]
[Result "1-0"]
[WhiteTitle "IM"]
[BlackTitle "GM"]
[WhiteElo "2548"]
[BlackElo "2613"]
[WhiteFideId "4123700"]
[BlackFideId "4119150"]
[EventDate "2017.07.02"]

1. e4 e5 2. Nf3 Nc6 3. Nc3 Nf6 4. Rb1 Bc5 5. Nxe5 Nxe5 6. d4 Bd6 7. dxe5 Bxe5 8.
Bd3 O-O 9. O-O c6 10. Bd2 Re8 11. Re1 d6 12. h3 Nd7 13. Bf1 Nc5 14. b4 Ne6 15.
Ne2 Nf8 16. Nc1 Be6 17. a4 f5 18. b5 fxe4 19. bxc6 bxc6 20. Rxe4 Bf5 21. Reb4
Ne6 22. Bd3 Qf6 23. Be3 c5 24. Rb7 Bd4 25. Qh5 Rf8 26. Qxf5 Qxf5 27. Bxf5 Rxf5
28. Bxd4 Nxd4 29. c3 Nc6 30. Rc7 Nd8 31. Rd7 Nf7 32. Ne2 a5 33. Rbb7 Rf8 34. Ng3
Rf4 35. f3 Rxa4 36. Ne4 h6 37. Nxd6 Rf4 38. Ra7 a4 39. Ne4 Rb8 40. Nxc5 Rb1+ 41.
Kh2 Rb6 42. Re7 Rf5 43. Nd7 Rb2 44. Ra8+ Kh7 45. Nf8+ Kg8 46. Ne6+ Kh7 47. Raa7
Kg8 48. Ra8+ Kh7 49. Rxa4 Rxf3 50. Rg4 g5 51. Rxg5 1-0

[Event "70th ch-RUS HL 2017"]
[Site "Sochi RUS"]
[Date "2017.07.03"]
[Round "2.8"]
[White "Romanov, Evgeny"]
[Black "Sorokin, Aleksey"]
[Result "1-0"]
[WhiteTitle "GM"]
[BlackTitle "FM"]
[WhiteElo "2610"]
[BlackElo "2469"]
[WhiteFideId "4148843"]
[BlackFideId "24176460"]
[EventDate "2017.07.02"]

1. c4 c5 2. Nf3 Nf6 3. d4 cxd4 4. Nxd4 e6 5. Nc3 d5 6. cxd5 Nxd5 7. Bd2 Nf6 8.
Nb3 a5 9. g3 Bd7 10. Bg2 Bc6 11. O-O a4 12. Nc1 a3 13. Rb1 Be7 14. bxa3 Rxa3 15.
Nb5 Ra8 16. Bf4 O-O 17. Nc7 Bxg2 18. Kxg2 Ra7 19. Qxd8 Rxd8 20. Be3 Ra4 21. Rxb7
Nc6 22. Nd3 Rb8 23. Rxb8+ Nxb8 24. Rb1 Nbd7 25. Rb2 h6 26. Nb5 Nd5 27. Bd2 Rc4
28. a3 Ra4 29. Ra2 N7b6 30. Nb2 Ra8 31. a4 Nb4 32. Bxb4 Bxb4 33. Nd3 Ba5 34. Ne5
Rc8 35. Nd6 Rc5 36. Nexf7 Rd5 37. Rb2 Kf8 38. e4 Rd4 39. Rb5 Rxa4 40. Ne5 Ke7
41. Nb7 Bc3 42. Rxb6 1-0

[Event "70th ch-RUS HL 2017"]
[Site "Sochi RUS"]
[Date "2017.07.03"]
[Round "2.9"]
[White "Levin, Evgeny A."]
[Black "Alekseev, Evgeny"]
[Result "1/2-1/2"]
[WhiteTitle "GM"]
[BlackTitle "GM"]
[WhiteElo "2524"]
[BlackElo "2607"]
[WhiteFideId "4182596"]
[BlackFideId "4138147"]
[EventDate "2017.07.02"]

1. Nf3 d5 2. d4 Nf6 3. c4 e6 4. Nc3 a6 5. cxd5 exd5 6. Bg5 Be6 7. e3 Nbd7 8. Nd2
Bd6 9. Bd3 c6 10. Bh4 O-O 11. O-O Re8 12. h3 Nf8 13. f4 Bd7 14. Nf3 Ng6 15. Bg5
h6 16. Bxf6 Qxf6 17. Ne5 Bf5 18. e4 dxe4 19. Bc4 Nh8 20. Qe2 b5 21. Bb3 c5 22.
Bd5 Rad8 23. Nxe4 Bxe4 24. Qxe4 cxd4 25. Rae1 d3 26. Qxd3 Bxe5 27. fxe5 Qb6+ 28.
Kh1 Re7 29. Qf3 Qc5 30. Bb3 Rxe5 31. Bxf7+ Nxf7 32. Qxf7+ Kh7 33. Rxe5 Qxe5 34.
Qf2 Qe4 35. Re1 Qd3 36. Kg1 Rc8 37. Qe2 Qxe2 38. Rxe2 Rc6 39. Kf2 Kg6 40. Kf3
Kf6 1/2-1/2

[Event "70th ch-RUS HL 2017"]
[Site "Sochi RUS"]
[Date "2017.07.03"]
[Round "2.10"]
[White "Matlakov, Maxim"]
[Black "Gaifullin, Artur"]
[Result "1-0"]
[WhiteTitle "GM"]
[BlackTitle "FM"]
[WhiteElo "2730"]
[BlackElo "2405"]
[WhiteFideId "4168003"]
[BlackFideId "24168653"]
[EventDate "2017.07.02"]

1. c4 e6 2. g3 d5 3. Bg2 Nf6 4. Nf3 Be7 5. O-O O-O 6. d4 Nbd7 7. Qc2 c5 8. Rd1
b6 9. dxc5 bxc5 10. cxd5 exd5 11. Nh4 Bb7 12. Nc3 Nb6 13. Nf5 Re8 14. Bg5 Rb8
15. e3 a6 16. a4 a5 17. Nxe7+ Qxe7 18. Nxd5 Nbxd5 19. Bxd5 Bxd5 20. Rxd5 Qe4 21.
Rxc5 Nd7 22. Qxe4 Rxe4 23. Rxa5 h6 24. Bf4 Rxb2 25. Rd5 Nf6 26. Rd8+ Kh7 27. a5
Re7 28. a6 Ra7 29. Rb8 Rd2 30. e4 Nd7 31. Rd8 1-0

[Event "70th ch-RUS HL 2017"]
[Site "Sochi RUS"]
[Date "2017.07.03"]
[Round "2.11"]
[White "Pogonina, Natalija"]
[Black "Motylev, Alexander"]
[Result "0-1"]
[WhiteTitle "WGM"]
[BlackTitle "GM"]
[WhiteElo "2469"]
[BlackElo "2680"]
[WhiteFideId "4147855"]
[BlackFideId "4121830"]
[EventDate "2017.07.02"]

1. d4 Nf6 2. c4 e6 3. Nf3 d5 4. g3 Bb4+ 5. Bd2 Be7 6. Bg2 O-O 7. O-O c6 8. Qc2
a5 9. Bf4 Nbd7 10. Rd1 b5 11. c5 Nh5 12. Bd6 Bxd6 13. cxd6 Bb7 14. Nbd2 Qb8 15.
Ne5 Qxd6 16. Nxd7 Qxd7 17. e4 Qe7 18. Nb3 dxe4 19. Qxe4 Nf6 20. Qe1 Qc7 21. Nc5
Rfd8 22. Rac1 Nd5 23. a3 Ra7 24. Be4 Ba8 25. Bd3 Nf6 26. Bf1 h6 27. Bg2 Qb6 28.
Rc2 Re7 29. Re2 Kf8 30. h3 Rd6 31. Re3 Nd5 32. Re2 Rd8 33. Rc1 Kg8 34. Kh2 Ra7
35. Rec2 Qb8 36. Kg1 Ne7 37. Rd2 Nf5 38. Rcd1 Re7 39. Rd3 Qb6 40. Qc3 Ra7 41.
R3d2 Nd6 42. Bf1 Re7 43. Re1 Ree8 44. b4 axb4 45. axb4 Nf5 46. Ra1 Bb7 47. Bg2
Rd6 48. Be4 Bc8 49. Rad1 Red8 50. Bb1 Qa7 51. g4 Nh4 52. Qg3 Qe7 53. Ne4 Rd5 54.
Ba2 R5d7 55. Bb1 e5 56. dxe5 Rxd2 57. Rxd2 Rxd2 58. Nxd2 Qxb4 59. Qxh4 Qxd2 60.
Qe7 Qe1+ 61. Kg2 Qxb1 62. Qd8+ Kh7 63. Qxc8 Qe4+ 64. Kg1 b4 65. Qb7 Qc4 66. Qd7
b3 67. Qf5+ g6 0-1

[Event "70th ch-RUS HL 2017"]
[Site "Sochi RUS"]
[Date "2017.07.03"]
[Round "2.12"]
[White "Rakhmanov, Aleksandr"]
[Black "Esipenko, Andrey"]
[Result "1/2-1/2"]
[WhiteTitle "GM"]
[BlackTitle "FM"]
[WhiteElo "2670"]
[BlackElo "2523"]
[WhiteFideId "4173708"]
[BlackFideId "24175439"]
[EventDate "2017.07.02"]

1. d4 Nf6 2. c4 c5 3. d5 b5 4. cxb5 a6 5. b6 e6 6. Nc3 Nxd5 7. Nxd5 exd5 8. Qxd5
Nc6 9. e4 Be7 10. Bc4 O-O 11. Nf3 Rb8 12. Bd2 Rxb6 13. Bc3 d6 14. O-O Bf6 15.
Rfd1 Bxc3 16. bxc3 Na5 17. Bd3 Be6 18. Qh5 h6 19. e5 d5 20. h3 Rb2 21. Nh4 c4
22. Bb1 Qb6 23. Qf3 Nc6 24. Nf5 Bxf5 25. Qxf5 g6 26. Qf6 Ne7 27. Qxb6 Rxb6 28.
Bc2 Rb2 29. Ba4 Rfb8 30. Kf1 h5 31. h4 R8b6 32. g3 Re6 33. Re1 Reb6 34. Red1 Kf8
35. a3 Re6 36. Re1 Nc6 37. f4 Ne7 38. Rab1 Reb6 39. Rxb2 Rxb2 40. Re2 Rb1+ 41.
Re1 Rb6 42. Kf2 Nf5 43. Re2 d4 44. cxd4 c3 45. d5 Nd4 46. Re4 c2 47. Bxc2 Nxc2
48. Rc4 Rb2 49. Rc8+ Ke7 50. d6+ Kd7 51. Rc7+ Ke8 52. Rc8+ Kd7 53. Rc7+ Ke8 54.
Rc8+ Kd7 1/2-1/2

[Event "70th ch-RUS HL 2017"]
[Site "Sochi RUS"]
[Date "2017.07.03"]
[Round "2.13"]
[White "Utnasunov, Alexander"]
[Black "Dubov, Daniil"]
[Result "0-1"]
[BlackTitle "GM"]
[WhiteElo "2444"]
[BlackElo "2658"]
[WhiteFideId "4134524"]
[BlackFideId "24126055"]
[EventDate "2017.07.02"]

1. d4 Nf6 2. c4 g6 3. f3 d5 4. cxd5 Nxd5 5. e4 Nb6 6. Nc3 Bg7 7. Be3 O-O 8. Qd2
e5 9. d5 c6 10. O-O-O cxd5 11. exd5 Na6 12. h4 h5 13. g4 hxg4 14. h5 Bf5 15. Bh6
Nxd5 16. hxg6 Nxc3 17. gxf7+ Kxf7 18. Bc4+ Nd5 19. Qxd5+ Qxd5 20. Bxd5+ Kg6 21.
Bxg7 Rac8+ 22. Kd2 Kxg7 23. fxg4 Bxg4 24. Re1 Rcd8 25. Rxe5 Kf6 0-1

[Event "70th ch-RUS HL 2017"]
[Site "Sochi RUS"]
[Date "2017.07.03"]
[Round "2.14"]
[White "Triapishko, Alexandr"]
[Black "Shimanov, Aleksandr"]
[Result "0-1"]
[WhiteTitle "IM"]
[BlackTitle "GM"]
[WhiteElo "2506"]
[BlackElo "2623"]
[WhiteFideId "14122286"]
[BlackFideId "4198603"]
[EventDate "2017.07.02"]

1. e4 e6 2. d4 d5 3. Bd3 dxe4 4. Bxe4 Nf6 5. Bf3 c5 6. Ne2 Nc6 7. Be3 e5 8.
Bxc6+ bxc6 9. dxe5 Qxd1+ 10. Kxd1 Ng4 11. Nd2 Nxe5 12. h3 Be7 13. Nc3 Be6 14.
Nce4 Nd7 15. f3 f5 16. Nf2 c4 17. Re1 Kf7 18. Ke2 Bf6 19. Rab1 Nb6 20. g4 g6 21.
f4 Rhe8 22. g5 Bg7 23. Nd1 Nd5 24. c3 Nc7 25. Kf2 Bd5 26. Nf3 Ne6 27. Re2 Rab8
28. Rc1 a5 29. Rcc2 Rh8 30. Kg3 h6 31. Nf2 hxg5 32. Nxg5+ Nxg5 33. fxg5 Rh5 34.
Bf4 Rbh8 35. Rc1 Bf8 36. Rce1 Bc5 37. a4 Rh4 38. Bc7 f4+ 39. Kh2 f3 40. Re3 Bxe3
41. Rxe3 Rxh3+ 42. Kg1 R3h5 43. Bf4 Re8 44. Ng4 Rxe3 45. Bxe3 Rh1+ 0-1

[Event "70th ch-RUS HL 2017"]
[Site "Sochi RUS"]
[Date "2017.07.03"]
[Round "2.15"]
[White "Kokarev, Dmitry"]
[Black "Khegay, Dmitriy"]
[Result "1-0"]
[WhiteTitle "GM"]
[BlackTitle "FM"]
[WhiteElo "2620"]
[BlackElo "2484"]
[WhiteFideId "4132181"]
[BlackFideId "24153729"]
[EventDate "2017.07.02"]

1. e4 e6 2. d4 d5 3. Nc3 Bb4 4. e5 Ne7 5. a3 Bxc3+ 6. bxc3 c5 7. Qg4 O-O 8. Bd3
Nbc6 9. Qh5 Ng6 10. Nf3 Qc7 11. Be3 c4 12. Bxg6 fxg6 13. Qg4 Rf5 14. h4 b5 15.
Ng5 Qe7 16. h5 h6 17. Nh3 gxh5 18. Qg3 h4 19. Qg4 Kh7 20. Ng1 g5 21. g3 hxg3 22.
Nf3 gxf2+ 23. Kxf2 Kg7 24. Qh5 Kf8 25. Qxh6+ Qg7 26. Qxg7+ Kxg7 27. Bxg5 Ba6 28.
Rag1 Rg8 29. Be7+ 1-0

[Event "70th ch-RUS HL 2017"]
[Site "Sochi RUS"]
[Date "2017.07.03"]
[Round "2.16"]
[White "Antipov, Mikhail Al."]
[Black "Savenkov, Konstantin"]
[Result "1-0"]
[WhiteTitle "GM"]
[BlackTitle "FM"]
[WhiteElo "2580"]
[BlackElo "2437"]
[WhiteFideId "4107012"]
[BlackFideId "4138600"]
[EventDate "2017.07.02"]

1. e4 e6 2. d4 d5 3. Nd2 Nf6 4. e5 Nfd7 5. Bd3 c5 6. c3 Nc6 7. Ngf3 cxd4 8. cxd4
f6 9. O-O fxe5 10. Nxe5 Ndxe5 11. dxe5 Nxe5 12. Qh5+ Nf7 13. Re1 Be7 14. Bxh7
Qd6 15. f4 Bd7 16. Nf3 O-O-O 17. Qxf7 Rxh7 18. Qg6 Rdh8 19. Be3 Kb8 20. Rac1 Bf6
21. Ne5 d4 22. Nf7 Qf8 23. Nxh8 Qxh8 24. Bd2 Rxh2 25. Bb4 Bc6 26. Rxc6 bxc6 27.
Rxe6 Rh1+ 28. Kf2 Qh4+ 29. Ke2 Rc1 30. Bd2 Rc5 31. b4 Rc2 32. Kd3 Rxd2+ 33. Kxd2
Qxf4+ 34. Kc2 Kb7 35. b5 Kb6 36. Qd3 Qf2+ 37. Kb3 a5 38. Rxc6+ Kb7 39. Rc2 Qe1
40. Qc4 1-0

[Event "70th ch-RUS HL 2017"]
[Site "Sochi RUS"]
[Date "2017.07.03"]
[Round "2.17"]
[White "Potkin, Vladimir"]
[Black "Yandemirov, Valeri"]
[Result "1/2-1/2"]
[WhiteTitle "GM"]
[BlackTitle "GM"]
[WhiteElo "2576"]
[BlackElo "2385"]
[WhiteFideId "4131061"]
[BlackFideId "4102622"]
[EventDate "2017.07.02"]

1. e4 e5 2. Nf3 Nc6 3. Bc4 Nf6 4. d3 Be7 5. O-O O-O 6. a4 d6 7. a5 a6 8. h3 Kh8
9. Nc3 Ng8 10. d4 exd4 11. Nxd4 Nxd4 12. Qxd4 f5 13. e5 dxe5 14. Qxe5 Bd6 15.
Qe2 Nf6 16. Qf3 Ne4 17. Nxe4 fxe4 18. Qxe4 Bf5 19. Qxb7 Qf6 20. Bd3 Qe5 21. g3
Bxd3 22. cxd3 Qf5 23. Kg2 Qxd3 24. Ra4 Rae8 25. Bf4 Bxf4 26. Rxf4 Rxf4 27. gxf4
Qg6+ 28. Kh2 Qd6 29. Qf3 Qb4 30. Rc1 Qxa5 31. Qc6 Rf8 32. Qxc7 Qxc7 33. Rxc7 Kg8
34. Kg3 Rb8 35. Ra7 Rb3+ 36. f3 Rxb2 37. Rxa6 Kf7 38. h4 Rb1 39. f5 Rg1+ 40. Kf4
Rh1 41. Kg3 Rg1+ 42. Kf4 Rh1 43. f6 g6 44. Ke5 Re1+ 45. Kf4 Rh1 46. Ra7+ Kxf6
47. Rxh7 Rxh4+ 48. Rxh4 g5+ 49. Kg4 gxh4 50. Kxh4 Kf5 1/2-1/2